| 000 | 00925nam a2200265 a 4500 | ||
|---|---|---|---|
| 001 | BRCA_8037 | ||
| 005 | 20190320210115.0 | ||
| 008 | 260314s1964----mx-####f##---#000-0#spa-# | ||
| 041 | _aspa | ||
| 044 | _amx | ||
| 050 | 4 |
_aHG4551 _b.M55 1964 |
|
| 245 | 1 | 0 |
_aMercado de valores _btomo I _cMario Ramón Beteta ... [et al.]. |
| 260 |
_aMéxico _bPublicaciones Especializadas _c1964 |
||
| 300 |
_a145 p. _c21 cm. |
||
| 440 | 0 |
_aColección SELA _v20 _919972 |
|
| 500 | _aVer también Y25 (Tomo 2) | ||
| 500 | _aY24 | ||
| 520 | 3 | _aTrabajos presentados en el 1er. Foro Mexicano sobre el Mercado de Valores, organizado por la Bolsa de Valores de México el 22 de julio de 1964 | |
| 650 | 1 | 4 |
_aMercado de valores _vEstudio _zMéxico _919973 |
| 650 | 1 | 4 |
_aFinanzas y banca _vExposiciones _zMéxico _919974 |
| 700 | 1 |
_aBeteta, Mario Ramón _919975 |
|
| 710 | 2 |
_aBolsa de Valores de México _919976 |
|
| 902 | _aGFM | ||
| 942 |
_2lcc _cB |
||
| 999 |
_c7706 _d7706 |
||